Top 55 NFL contracts in total value - Statistics

General Stats
  • This quiz has been taken 59 times
  • The average score is 34 of 55
Answer Stats
Hint Answer % Correct
13 $212,000,000 (DET) Jared Goff
98%
2 $275,000,000 (CIN) Joe Burrow
98%
6 $258,034,000 (BUF) Josh Allen
98%
5 $260,000,000 (BAL) Lamar Jackson
98%
1 $450,000,000 (KC) Patrick Mahomes
98%
2 $275,000,000 (JAX) Trevor Lawrence
98%
8 $240,000,000 (DAL) Dak Prescott
96%
7 $255,000,000 (PHI) Jalen Hurts
96%
19 $141,250,000 (JAX) Joshua Hines-Allen
96%
4 $262,500,000 (LAC) Justin Herbert
96%
11 $220,000,000 (GB) Jordan Love
94%
14 $180,000,000 (ATL) Kirk Cousins
94%
9 $230,000,000 (ARI) Kyler Murray
94%
16 $160,000,000 (LAR) Matthew Stafford
94%
12 $212,400,000 (MIA) Tua Tagovailoa
94%
10 $230,000,000 (CLE) Deshaun Watson
92%
17 $158,750,000 (KC) Chris Jones
91%
22 $140,000,000 (MIN) Justin Jefferson
89%
30 $112,500,000 (NYJ) Aaron Rodgers
87%
39 $100,000,000 (TB) Baker Mayfield
85%
18 $150,000,000 (NO) Derek Carr
81%
15 $170,000,000 (SF) Nick Bosa
81%
26 $120,010,000 (DET) Amon-Ra St. Brown
77%
24 $136,000,000 (DAL) CeeDee Lamb
74%
25 $125,000,000 (CLE) Myles Garrett
72%
22 $140,000,000 (NYJ) Davante Adams
64%
49 $96,000,000 (NYJ) Quinnen Williams
62%
49 $96,000,000 (PHI) A.J. Brown
60%
49 $96,000,000 (CAR) Derrick Brown
60%
39 $100,000,000 (BAL) Roquan Smith
57%
31 $112,011,000 (PIT) T.J. Watt
57%
27 $120,000,000 (SF) Brandon Aiyuk
55%
33 $110,000,000 (CHI) D.J. Moore
53%
20 $141,000,000 (NYG) Brian Burns
51%
55 $95,225,000 (SF) Fred Warner
51%
47 $97,000,000 (DAL) Trevon DIggs
51%
32 $112,000,000 (DET) Penei Sewell
45%
29 $117,500,000 (NYG) Andrew Thomas
43%
39 $100,000,000 (BUF) Amari Cooper
42%
49 $96,000,000 (DEN) Patrick Surtain II
38%
27 $120,000,000 (BUF) Von Miller
38%
33 $110,000,000 (MIA) Bradley Chubb
34%
39 $100,000,000 (CAR) Robert Hunt
34%
21 $140,600,000 (TB) Tristan Wirfs
34%
43 $98,000,000 (CHI) Montez Sweat
30%
46 $97,500,000 (BAL) Marlon Humphrey
26%
38 $100,500,000 (CLE) Denzel Ward
23%
45 $97,603,000 (WAS) Marshon Lattimore
23%
37 $102,500,000 (ATL) Chris Lindstrom
19%
33 $110,000,000 (LV) Christian Wilkins
19%
49 $96,000,000 (GB) Rashan Gary
17%
36 $104,000,000 (MIN) Christian Darrisaw
15%
43 $98,000,000 (BAL) Nnamdi Madubuike
13%
49 $96,000,000 (NO) Ryan Ramczyk
8%
47 $97,000,000 (DET) Alim McNeill
2%
No matching quizzes found
Score Distribution
Percent of People with Each Score
Percentile by Number Answered
Your Score History
You have not taken this quiz